Statistics for Largest City to Country #4

Click here to take the quiz!

General Stats

  • This quiz has been taken 125 times
  • The average score is 10 of 12

Answer Stats

CityCountry% Correct
PragueCzech Republic
98%
Guatemala CityGuatemala
98%
BaghdadIraq
98%
StockholmSweden
97%
AlgiersAlgeria
94%
TallinnEstonia
93%
Tel AvivIsrael
93%
DhakaBangladesh
85%
AccraGhana
82%
BishkekKyrgyzstan
82%
Port VilaVanuatu
64%
MaseruLesotho
61%

Score Distribution

Percentile by Number Answered

Percent of People with Each Score

Your Score History

You have not taken this quiz